000 00710nam a2200241 i 4500
001 bgj
100 1 _aDRAKULI'C, Slavenka
_d(1949- ).
245 1 0 _aHow we survived communism and even laughed /
_cSlavenka Drakuli'c.
250 _a1st American ed.
260 _aNew York ;
_aLondon :
_bW.W. Norton & Company,
_c1992.
300 _aXVII, 189 pp ;
_c24 cm.
600 1 9 _aDrakuli'c, Slavenka, 1949-
650 9 _aAuthors, Yugoslav
651 9 _aEurope, Eastern
651 9 _aEurope, Eastern
_xPolitics and Government
_y1945-
655 _aBiographies
020 _a0393030768
040 _cBPK
041 0 _aeng
920 _a0-393-03076-8
942 _cKS
008 s uk f |000 0 eng
999 _c47695
_d47695